000 00920nam a2200241 a 4500
003 CBULib
005 20240827140431.0
008 210503s2020 ||||||||||||||||| || u
020 _a9789211172478
040 _aCBULib
_bEnglish
_cCBULib
_dCBULIb
_erda
050 _aUNECE(02)2020/12
110 _aUnited Nations Economic Commission for Europe (UNECE)
245 1 0 _aGuidelines on evidence-based policies and decision-making for sustainable housing and urban development.
_cBy United Nations Economic Commission for Europe(UNECE)
260 _aGeneva
_bUNITED NATIONS
_c2020
300 _a60 pages ; 30 cm
336 _aText |
_2rdacontent
_btxt
337 _aUnmediated |
_2rdamedia
_bn
338 _aVolume
_2rdacarrier
_bnc
650 0 _aCITY PLANNING--21st CENTURY
650 0 _aECONOMIC DEVELOPMENT--ENVIRONMENTAL ASPECTS
_93442
942 _2mc
_c029
999 _c45178
_d45178